Nociones fundamentales de derecho tributario / (Registro nro. 5897)

Detalles MARC
000 -LEADER
fixed length control field 00906nam a2200217Ia 4500
003 - CONTROL NUMBER IDENTIFIER
control field OSt
005 - DATE AND TIME OF LATEST TRANSACTION
control field 20200804152259.0
008 - FIXED-LENGTH DATA ELEMENTS--GENERAL INFORMATION
fixed length control field 191128s1976 ck fr 000 0 spa d
040 ## - CATALOGING SOURCE
Original cataloging agency CO-JMCR
Transcribing agency CO-JMCR
041 0# - LANGUAGE CODE
Language code of text/sound track or separate title spa
082 04 - DEWEY DECIMAL CLASSIFICATION NUMBER
Classification number 343.04 /
Item number B711n
Edition number 23
100 1# - MAIN ENTRY--PERSONAL NAME
Personal name Bravo Arteaga, Juan Rafael,
Relator term autor
9 (RLIN) 6558
245 10 - TITLE STATEMENT
Title Nociones fundamentales de derecho tributario /
Statement of responsibility, etc. Juan Rafael Bravo Arteaga
260 ## - PUBLICATION, DISTRIBUTION, ETC.
Place of publication, distribution, etc. Bogotá :
Name of publisher, distributor, etc. Ediciones Rosarista,
Date of publication, distribution, etc. 1976
300 ## - PHYSICAL DESCRIPTION
Extent viii, 147 páginas ;
Dimensions 23 cm.
505 0# - FORMATTED CONTENTS NOTE
Formatted contents note El derecho tributario -- Las fuentes del derecho tributario -- Interpretación y aplicaciones de las leyes tributarias -- Extensión territorial de la ley tributaria -- La ley tributaria en el tiempo -- La relación jurídico-tributaria -- El echo gravado
650 14 - SUBJECT ADDED ENTRY--TOPICAL TERM
Topical term or geographic name entry element Derecho fiscal
9 (RLIN) 8373
650 14 - SUBJECT ADDED ENTRY--TOPICAL TERM
Topical term or geographic name entry element Ley tributaria
9 (RLIN) 8374
650 14 - SUBJECT ADDED ENTRY--TOPICAL TERM
Topical term or geographic name entry element Obligación tributaria
9 (RLIN) 8375
942 ## - ADDED ENTRY ELEMENTS (KOHA)
Source of classification or shelving scheme Dewey Decimal Classification
Koha item type Books
Existencias
Withdrawn status Lost status Source of classification or shelving scheme Damaged status Not for loan Collection code Home library Current library Date acquired Source of acquisition Full call number Barcode Date last seen Copy number Koha item type
    Dewey Decimal Classification     Non-fiction Biblioteca Pública José María del Castillo y Rada Biblioteca Pública José María del Castillo y Rada 04/15/2018 Donación 343.04 / B711n 430007490 05/16/2024 Ej.1 Books